| 000 | 00372nam a2200157Ia 4500 | ||
|---|---|---|---|
| 003 | OSt | ||
| 005 | 20240314163115.0 | ||
| 008 | 170524s9999 xx 000 0 und d | ||
| 020 | _a935202186X | ||
| 040 | _cIIMT UNIVERSITY | ||
| 100 | _aSherlekar- S. A. | ||
| 245 | 0 | _aModern Business Organization and Management | |
| 260 | _bHimalya | ||
| 260 | _c1995 | ||
| 942 |
_2ddc _c02 |
||
| 999 |
_c6156 _d6156 |
||